LEADER 00915nam0 2200265 450 001 000001393 005 20081110144906.0 100 $a20000511d1976----km-y0itay50------ba 101 0 $aita 102 $aIT 200 1 $aAlgebra lineare e serie di funzioni ortonormali$econ applicazioni alla fisica, al calcolo numerico ed alla biologia$fGuido Fano$gcon il contributo di Franco Corsini 210 $aBologna$cZanichelli$d1976 215 $aVIII, 197 p.$d24 cm 500 10$aAlgebra lineare e serie di funzioni ortonormali$951605 610 1 $aAlgebra 610 1 $aAnalisi matematica 676 $a512 700 1$aFano,$bGuido$0732 702 1$aCorsini,$bFranco 801 0$aIT$bUNIPARTHENOPE$gRICA$2UNIMARC 912 $a000001393 951 $cPIST$aP1 512-A/6$b19435$d20000519 951 $aM 512.5/2$bM 131$cDSA$d2008 996 $aAlgebra lineare e serie di funzioni ortonormali$951605 997 $aUNIPARTHENOPE LEADER 01146nam--2200385---450- 001 990000566190203316 005 20050509100049.0 035 $a0056619 035 $aUSA010056619 035 $a(ALEPH)000056619USA01 035 $a0056619 100 $a20010716d1976----km-y0itay0103----ba 101 $aita 102 $aIT 105 $a||||||||001yy 200 1 $aStoria ed Evangelo$fCharles Harold Dodd 210 $aBrescia$cPaideia$d1976 215 $a144 p.$d21 cm 225 2 $aBiblioteca minima di cultura religiosa$v27 300 $aTrad. di Antonio Ornella 410 $12001$aBiblioteca minima di cultura religiosa$v27 606 0 $aBibbia$xNuovo Testamento$xCritica storica 676 $a225. 700 1$aDODD,$bCharles Harold$0205766 801 0$aIT$bsalbc$gISBD 912 $a990000566190203316 951 $aII 2 1208(XIV 245)$b106574 LM$cXIV 959 $aBK 969 $aUMA 979 $aPATTY$b90$c20010716$lUSA01$h1234 979 $c20020403$lUSA01$h1706 979 $aPATRY$b90$c20040406$lUSA01$h1639 979 $aCOPAT7$b90$c20050509$lUSA01$h1000 996 $aStoria ed Evangelo$9884116 997 $aUNISA